Toutes les capitales de pays et territoires - Statistiques

Statistiques générales
  • Ce quiz a été pris 127 fois
    123 depuis la dernière actualisation
  • Le résultat moyen est 123 sur 265
Statistiques - réponses
Pays Capitale % Correct
Allemagne Berlin
89%
France Paris
86%
Belgique Bruxelles
84%
Espagne Madrid
84%
Italie Rome
84%
Grèce Athènes
82%
Royaume-Uni Londres
82%
Pays-Bas Amsterdam
81%
Monaco Monaco
81%
Russie Moscou
81%
Albanie Tirana
81%
Irlande Dublin
79%
Portugal Lisbonne
79%
Luxembourg Luxembourg
79%
Norvège Oslo
77%
Pologne Varsovie
77%
Danemark Copenhague
75%
Bulgarie Sofia
75%
Autriche Vienne
75%
États-Unis Washington
75%
Croatie Zagreb
75%
Andorre Andorre-la- Vieille
74%
Ukraine Kiev
74%
Mexique Mexico
74%
Saint-Marin Saint-Marin
74%
Japon Tokyo
74%
Suisse Berne
72%
Hongrie Budapest
72%
Gibraltar Gibraltar
72%
Finlande Helsinki
72%
Canada Ottawa
72%
Corée du Sud Séoul
72%
Vatican Vatican
72%
Roumanie Bucarest
70%
Inde New Delhi
70%
Suède Stockholm
70%
Algérie Alger
68%
Brésil Brasilia
68%
Panama Panama
68%
Chine Pékin
68%
République Tchèque Prague
68%
Bosnie- Herzégovine Sarajevo
68%
Australie Canberra
67%
Israël Jérusalem
67%
Cuba La Havane
67%
Biélorussie Minsk
67%
Lettonie Riga
67%
Argentine Buenos Aires
65%
Égypte Le Caire
65%
Pérou Lima
65%
Maroc Rabat
65%
Singapour Singapour
65%
Estonie Tallinn
65%
Corse Ajaccio
63%
Serbie Belgrade
63%
Colombie Bogotá
63%
Malte La Valette
63%
Islande Reykjavik
63%
Tunisie Tunis
63%
Lituanie Vilnius
63%
Turquie Ankara
61%
Afrique du Sud Pretoria / Le Cap / Bloemfontein
61%
Corée du Nord Pyongyang
61%
Chili Santiago
61%
Macédoine du Nord Skopje
61%
Thaïlande Bangkok
60%
Slovaquie Bratislava
60%
Indonésie Jakarta
60%
Bolivie La Paz / Sucre
60%
Uruguay Montevideo
60%
Équateur Quito
60%
Liechtenstein Vaduz
60%
Moldavie Chișinău
58%
Slovénie Ljubljana
58%
Kenya Nairobi
58%
Monténégro Podgorica
58%
Haïti Port-au-Prince
58%
Kosovo Pristina
58%
Émirats Arabes Unis Abou Dabi
56%
Madagascar Antananarivo
56%
Azerbaïdjan Bakou
56%
Liban Beyrouth
56%
Venezuela Caracas
56%
Djibouti Djibouti
56%
Guatemala Guatemala
56%
Afghanistan Kaboul
56%
Philippines Manille
56%
Mongolie Oulan-Bator
56%
Arabie Saoudite Riyad
56%
Costa Rica San José
56%
Géorgie Tbilissi
56%
Irak Bagdad
54%
Mali Bamako
54%
Sénégal Dakar
54%
Arménie Erevan
54%
Koweït Koweït
54%
Malaisie Kuala Lumpur
54%
Chypre Nicosie
54%
Iran Téhéran
54%
Nouvelle-Zélande Wellington
54%
Paraguay Asunción
53%
Rép du Congo Brazzaville
53%
Qatar Doha
53%
Viêt Nam Hanoï
53%
Népal Katmandou
53%
Jamaïque Kingston
53%
Gabon Libreville
53%
République Dominicaine Saint-Domingue
53%
Libye Tripoli
53%
Éthiopie Addis-Abeba
51%
Guinée-Bissau Bissau
51%
Rép. Dém. du Congo Kinshasa
51%
La Réunion Saint-Denis
51%
Salvador San Salvador
51%
Cameroun Yaoundé
51%
Ghana Accra
49%
Kazakhstan Astana
49%
Bangladesh Dacca
49%
Sierra Leone Freetown
49%
Pakistan Islamabad
49%
Taïwan Taipei
49%
Honduras Tegucigalpa
49%
Jordanie Amman
47%
Martinique Fort-de-France
47%
Soudan Khartoum
47%
Angola Luanda
47%
Nicaragua Managua
47%
Bahamas Nassau
47%
Burkina Faso Ouagadougou
47%
Yémen Sanaa
47%
Laos Vientiane
47%
Nigeria Abuja
46%
Guyane française Cayenne
46%
Syrie Damas
46%
Guyana Georgetown
46%
Zimbabwe Harare
46%
Rwanda Kigali
46%
Maldives Malé
46%
Bahreïn Manama
46%
Niger Niamey
46%
Mauritanie Nouakchott
46%
Nouvelle-Calédonie Nouméa
46%
Cambodge Phnom Penh
46%
Dominique Roseau
46%
Sao Tomé-et- Principe Sao Tomé
46%
Bhoutan Thimphou
46%
Côte d'Ivoire Yamoussoukro
46%
Érythrée Asmara
44%
Brunei Bandar Seri Begawan
44%
République Centrafricaine Bangui
44%
Kirghizistan Bichkek
44%
Guinée Conakry
44%
Soudan du Sud Djouba
44%
Tanzanie Dodoma
44%
Burundi Gitega
44%
Ouganda Kampala
44%
Malawi Lilongwe
44%
Togo Lomé
44%
Zambie Lusaka
44%
Mozambique Maputo
44%
Oman Mascate
44%
Somalie Mogadiscio
44%
Liberia Monrovia
44%
Trinité-et-Tobago Port-d'Espagne
44%
Maurice Port-Louis
44%
Ouzbékistan Tachkent
44%
Turkménistan Achgabat
42%
Belize Belmopan
42%
Tadjikistan Douchanbé
42%
Botswana Gaborone
42%
Guinée Équatoriale Malabo
42%
Lesotho Maseru
42%
Eswatini Mbabane
42%
Polynésie française Papeete
42%
Papouasie- Nouvelle-Guinée Port Moresby
42%
Bénin Porto-Novo
42%
Antigua-et- Barbuda Saint John's
42%
Sri Lanka Sri Jayawardenapura Kotte
42%
Fidji Suva
42%
Namibie Windhoek
42%
Guadeloupe Basse-Terre
40%
Barbade Bridgetown
40%
Sainte-Lucie Castries
40%
Saint-Vincent-et- les-Grenadines Kingstown
40%
Comores Moroni
40%
Birmanie Naypyidaw
40%
Tchad Ndjamena
40%
Groenland Nuuk
40%
Suriname Paramaribo
40%
Cap-Vert Praia
40%
Gambie Banjul
39%
Timor Oriental Dili
39%
Hawai Honolulu
39%
Mayotte Mamoudzou
39%
Tonga Nukuʻalofa
39%
Sicile Palerme
39%
Vanuatu Port-Vila
39%
Grenade Saint Georges
39%
Seychelles Victoria
39%
Tuvalu Funafuti
37%
États Fédérés de Micronésie Palikir
37%
Nauru Yaren
37%
Saint-Christophe- et-Niévès Basseterre
35%
Kiribati Tarawa-Sud
35%
Samoa Apia
33%
Îles Salomon Honiara
33%
Palestine Jérusalem Est/Ramallah
33%
Palaos Ngerulmud
33%
Île de Man Douglas
32%
Sahara Occidental Laâyoune/Tifariti/Tindouf
32%
Îles Marshall Majuro
32%
Porto Rico San Juan
32%
Saint-Pierre-et-Miquelon Saint-Pierre
30%
Jersey Saint-Hélier
26%
Iles Féroé Torshavn
26%
Sardaigne Cagliari
25%
Bermudes Hamilton
25%
Îles Canaries Las Palmas de Grande Canarie/ Santa Cruz de Tenerife
25%
Îles Baleares Palma
25%
Guernesey Saint-Pierre-Port
25%
Niue Alofi
23%
Alaska Juneau
23%
Îles Turques-et-Caïques Cockburn Town
21%
Madère Funchal
21%
Îles Caïmans George Town
21%
Iles Pitcairn Adamstown
19%
Îles Cook Avarua
19%
Saint-Martin (fr.) Marigot
19%
Wallis-et-Futuna Mata Utu
19%
Samoa américaines Pago Pago
19%
Montserrat Plymouth/Brades
19%
Îles Vierges britanniques Road Town
19%
Anguilla The Valley
18%
Île Christmas Flying Fish Cove (The Settlement)
16%
Guam Hagåtña
16%
Åland Mariehamn
16%
Aruba Oranjestadt
16%
Saint-Martin (nl.) Philipsburg
16%
Transnistrie Tiraspol
16%
Curacao Willemstadt
16%
Saint-Barthélémy Gustavia
14%
Île Norfolk Kingston
14%
Îles Malouines Stanley
14%
Saba The Bottom
14%
Îles Cocos West Island
14%
Îles Vierges des Etats-Unis Charlotte-Amélie
12%
Somaliland Hargeisa
12%
Bonaire Kralendijk
12%
Svalbard Longyearbyen
12%
Abkhazie Soukhoumi
12%
Tasmanie Hobart
11%
Ossetie du Sud-Alanie Tskhinvali
11%
Tristan da Cunha Edimbourg-des-Sept-Mers
9%
Açores Punta Delgada
9%
Île de l'Ascension Georgetown
7%
Bougainville Buka
5%
Île de Pâques Hanga Roa
5%
Saint-Eustache Oranjestadt
5%
Îles de la mer de Corail Île Willis
4%
Géorgie du Sud et-les-îles Sandwich du Sud King Edward Point
4%
Orcades Kirkwall
4%
Shetland Lerwick
4%
Saint-Héléne Jameston
2%
Îles Galapagos Puerto Baquerizo Moreno
2%
Archipel Juan Fernandez San Juan Bautista
2%
Aucun quiz correspondant
Distribution des résultats
% des personnes avec chaque résultat
Percentile par nombre de réponses
Votre historique - résultats
Vous n’avez pas pris ce quiz depuis la dernière actualisation